000 00250nam a2200109Ia 4500
008 190216s9999||||xx |||||||||||||| ||und||
100 _aDaniel Sted
245 0 _aNow And Former
260 _bDell Publishing Company
650 _aEnglish
942 _cBK
999 _c13316
_d13316